000 01252nam a22002657a 4500
005 20170124102942.0
010 _aB-040216
020 _c125.00
_a8126701854
035 _aB-040216
037 _bCen Lib/Ret
040 _aDPL
_bHN
082 _a821
_bसच्चिदा
100 _aसच्चिदानंद के.
_948740
245 _aअपूर्ण और अन्य कवितायेँ /
_cके.सच्चिदानंद ;अनुवादक रति सक्सेना
246 _aApuran or anya kavitayen ;anuvadak Rati Sxena
_bby K. Sachchidanand
260 _aनई दिल्ली
_bराजकमल प्रकाशन
_c2001
270 _a1-बी ,नेता जी सुभाष मार्ग दरिया गंज
_bनई दिल्ली
_e110002
300 _a115पृष्ठ.
_c21सेमी(सजिल्द)
650 _aहिंदी साहित्य
_948741
650 _aसच्चिदानंद का कव्य
_93931
650 _aHindi Literature
_948742
650 _aSachchidanand poetry
_948743
700 _aसक्सेना, रति
_94358
942 _2ddc
_cHN
_h821
_mसच्चिदा
999 _c112687
_d112687